Physical anthropology : (Record no. 12080)

000 -LEADER
fixed length control field 00533pam a2200169 a 4500
020 ## - INTERNATIONAL STANDARD BOOK NUMBER
ISBN 0070612498 (acidfree) :
040 ## - CATALOGING SOURCE
Transcribing agency DLC
082 00 - DEWEY DECIMAL CLASSIFICATION NUMBER
Classification number 573 MCG 1995 A031 Or.
100 1# - MAIN ENTRY--AUTHOR NAME
Personal name Stein, Philip L.
245 10 - TITLE STATEMENT
Title Physical anthropology :
Remainder of title the core /
260 ## - PUBLICATION, DISTRIBUTION, ETC. (IMPRINT)
Place of publication New York :
Name of publisher McGraw-Hill,
Year of publication c1995.
300 ## - PHYSICAL DESCRIPTION
Number of Pages xiv, 354 p. :
Other physical details ill. ;
Dimensions 25 cm.
500 ## - GENERAL NOTE
General note "Portions of this text have been taken from Physical anthropology, fifth edition"--T.p. verso.
650 #0 - SUBJECT ADDED ENTRY--TOPICAL TERM
Topical Term Physical anthropology.
700 1# - ADDED ENTRY--PERSONAL NAME
Personal name Rowe, Bruce M.
942 ## - ADDED ENTRY ELEMENTS (KOHA)
Koha item type សៀវភៅភាសាអង់គ្លេស
952 ## - LOCATION AND ITEM INFORMATION (KOHA)
Withdrawn status [LOCAL, KOHA] 0
Holdings
Permanent Location Date acquired Koha item type Lost status Shelving location Barcode Current Location Full call number
Library Block A2017-08-09សៀវភៅភាសាអង់គ្លេស A031A20428Library Block A573 MCG 1995 A031 Or.
មជ្ឈមណ្ឌលឯការនៃសាកលវិទ្យាល័យភូមិន្ទកសិកម្មចំការដូង

Powered by Koha